000 00567nam a22002177a 4500
003 UA-OsUOA
001 72846
007 ta
008 20110128b un ||||| |||| 00| 0 ukr d
100 _aЛімборський І.
090 _a82
_bЛ67
942 _cSA
040 _aUA-OsUOA
_bukr
_cUA-OsUOA
_dUA-OsUOA
245 _aКласицизм в українській літературі
300 _aС.43-52
955 _a0
041 _aukr
080 _a82
773 0 _w72842
650 7 _a82 Література. Літературознавство
_2UDC
999 _c359131
_d359131